000 00585nam a2200217Ia 4500
008 101110s9999 xx 000 0 und d
041 _aENGLISH
082 _bSR33179
100 _aGarach N.C.,Chitale R.S.& Shroff Adarsh
245 _aHand book of practicals physics (SYBSC)
260 _c2009
_bSheth publishres, Mumbai
300 _a175
365 _b90
520 _aPhysics
546 _aENGLISH
630 _aHand book of practicals physics (SYBSC)
650 _aPhysics
655 _aPhysics
730 _aHand book of practicals physics (SYBSC)
942 _cBOOK
999 _c825680
_d825677